[Event "Bundesliga 9798"]
[Site "Deutschland"]
[Date "1998.??.??"]
[Round "?.7"]
[White "Luethgens, Eike"]
[Black "Schlemermeyer, Wilhelm"]
[Result "1-0"]
[WhiteElo "2305"]
[BlackElo "2310"]
[PlyCount "143"]
[EventDate "1997.10.??"]
[EventType "team"]
[EventRounds "15"]
[EventCountry "GER"]
[SourceTitle "Bundesliga 9798"]
[Source "DeepChess"]
[SourceDate "2005.01.01"]
[SourceVersion "1"]
[SourceVersionDate "2005.01.01"]
[SourceQuality "1"]
[WhiteTeam "SVG Plettenberg"]
[BlackTeam "SF Neukoelln 03 e.V."]
[WhiteTeamCountry "GER"]
[BlackTeamCountry "GER"]

1. e4 c6 2. d4 d5 3. Nd2 dxe4 4. Nxe4 Bf5 5. Ng3 Bg6 6. Nf3 Nd7 7. Bc4 e6 8.
Qe2 Ngf6 9. O-O Be7 10. Ne5 Nxe5 11. dxe5 Nd5 12. f4 O-O 13. Kh1 Bc5 14. a4 a5
15. Ne4 Bxe4 16. Qxe4 g6 17. Rf3 Qe7 18. Bd2 Rfd8 19. c3 Nb6 20. Bd3 Rd5 21.
Raf1 Rad8 22. Bc1 Nxa4 23. Bc2 Nb6 24. g4 Qh4 25. Rg3 Rd2 26. Bxd2 Rxd2 27. Rg2
Rxg2 28. Qxg2 Nd5 29. Qg3 Qxg3 30. hxg3 Ne3 31. Rc1 Nxg4 32. Kg2 h5 33. Kf3 Kf8
34. Ra1 b6 35. Be4 Ne3 36. Bxc6 Nc4 37. Ra2 Nd2+ 38. Ke2 Nb3 39. Kd1 Bf2 40.
Kc2 Nc5 41. b4 Na6 42. bxa5 bxa5 43. Rxa5 Nc7 44. c4 f6 45. Ra3 fxe5 46. Rf3
Bd4 47. Kd3 Kg7 48. Bb5 Bc5 49. fxe5 g5 50. Ke4 g4 51. Rd3 Kg6 52. Rd8 Bb6 53.
Rb8 Ba5 54. Rc8 Kg7 55. Kd4 Bb6+ 56. Ke4 Ba5 57. Rd8 Kg6 58. Rd6 Bb4 59. Rc6
Ba5 60. Ba4 Kg5 61. Bc2 h4 62. gxh4+ Kxh4 63. Kd4 g3 64. Be4 Kg4 65. Bg2 Kf4
66. Bh3 Kf3 67. Kc5 Kf2 68. Kd6 Kg1 69. Rxc7 Bxc7+ 70. Kxc7 Kh2 71. Bf1 Kg1 72.
Bd3 1-0

[Event "Bundesliga 9798"]
[Site "Deutschland"]
[Date "1998.??.??"]
[Round "?.8"]
[White "Rudolf, Henrik"]
[Black "Schlecht, Daniel"]
[Result "1/2-1/2"]
[WhiteElo "2280"]
[BlackElo "2270"]
[PlyCount "128"]
[EventDate "1997.10.??"]
[EventType "team"]
[EventRounds "15"]
[EventCountry "GER"]
[SourceTitle "Bundesliga 9798"]
[Source "DeepChess"]
[SourceDate "2005.01.01"]
[SourceVersion "1"]
[SourceVersionDate "2005.01.01"]
[SourceQuality "1"]
[WhiteTeam "SF Neukoelln 03 e.V."]
[BlackTeam "SVG Plettenberg"]
[WhiteTeamCountry "GER"]
[BlackTeamCountry "GER"]

1. e4 e5 2. Nf3 Nc6 3. Bb5 Nf6 4. O-O Nxe4 5. d4 Nd6 6. Bxc6 dxc6 7. dxe5 Nf5
8. Qxd8+ Kxd8 9. Nc3 h6 10. h3 a5 11. b3 Be6 12. Bb2 Ke8 13. g4 Ne7 14. Nd4 h5
15. Nxe6 fxe6 16. Ne4 hxg4 17. hxg4 Rh4 18. f3 Nd5 19. Bc1 a4 20. Bd2 Bb4 21.
c3 Be7 22. Kg2 Kf7 23. c4 Nb6 24. Ng5+ Bxg5 25. Bxg5 Rh7 26. Rfd1 Rah8 27. Bf4
g5 28. Bg3 Ke7 29. Rd3 Rd8 30. Rad1 Rxd3 31. Rxd3 Rh8 32. f4 gxf4 33. Bxf4 axb3
34. axb3 Rg8 35. Kf3 Nd7 36. Rd2 Nc5 37. b4 Nd7 38. Rh2 Rg7 39. Ra2 Nb6 40. Ra7
Nxc4 41. Rxb7 Kd7 42. Rb8 Nb6 43. g5 Nd5 44. Bd2 Ke7 45. Kg4 Kf7 46. Rh8 Ne7
47. Rh2 Nd5 48. Rh6 Rg6 49. Rh1 Rg7 50. Rc1 Ne7 51. Be3 Kg6 52. Ba7 Rh7 53. Bc5
Nd5 54. Rg1 Rh5 55. Kf3 Rxg5 56. Rxg5+ Kxg5 57. Ke4 Kg4 58. Bf8 Nf4 59. Kd4 Kf5
60. Bg7 Ng6 61. Bf6 Nf4 62. Bg7 Ng6 63. Bf6 Nf4 64. Bg7 Ng6 1/2-1/2

[Event "Bundesliga 9798"]
[Site "Deutschland"]
[Date "1998.??.??"]
[Round "?.1"]
[White "Movsesian, Sergei"]
[Black "Womacka, Mathias"]
[Result "1-0"]
[WhiteElo "2555"]
[BlackElo "2475"]
[PlyCount "83"]
[EventDate "1997.10.??"]
[EventType "team"]
[EventRounds "15"]
[EventCountry "GER"]
[SourceTitle "Bundesliga 9798"]
[Source "DeepChess"]
[SourceDate "2005.01.01"]
[SourceVersion "1"]
[SourceVersionDate "2005.01.01"]
[SourceQuality "1"]
[WhiteTeam "SF Neukoelln 03 e.V."]
[BlackTeam "USG Chemnitz"]
[WhiteTeamCountry "GER"]
[BlackTeamCountry "GER"]

1. e4 c5 2. Nf3 d6 3. d4 cxd4 4. Nxd4 Nf6 5. Nc3 a6 6. Be3 e5 7. Nb3 Be6 8. f3
Nbd7 9. g4 h6 10. Qd2 b5 11. O-O-O Nb6 12. Qf2 Nc4 13. Bxc4 bxc4 14. Nc5 Qc7
15. N5a4 Rb8 16. h4 Qc6 17. g5 Nd7 18. a3 h5 19. f4 exf4 20. Bxf4 Be7 21. Qg3
Ne5 22. Bxe5 dxe5 23. Qxe5 O-O 24. Rd4 Rfe8 25. Rhd1 Bg4 26. Rf1 Be6 27. Rf2
Rb7 28. Rfd2 Reb8 29. g6 Bf6 30. Qxh5 fxg6 31. Qc5 Qe8 32. e5 Be7 33. Qa5 Qc6
34. Rd1 Rf8 35. Nd5 Bd8 36. Nb4 Rxb4 37. Qxb4 Bc7 38. Qc5 Qb7 39. Qe7 Bf5 40.
Nc5 Qc6 41. Nd7 Ra8 42. Nf6+ 1-0

[Event "Bundesliga 9798"]
[Site "Deutschland"]
[Date "1998.??.??"]
[Round "?.2"]
[White "Roesch, Arnd"]
[Black "Stohl, Igor"]
[Result "0-1"]
[WhiteElo "2350"]
[BlackElo "2565"]
[PlyCount "80"]
[EventDate "1997.10.??"]
[EventType "team"]
[EventRounds "15"]
[EventCountry "GER"]
[SourceTitle "Bundesliga 9798"]
[Source "DeepChess"]
[SourceDate "2005.01.01"]
[SourceVersion "1"]
[SourceVersionDate "2005.01.01"]
[SourceQuality "1"]
[WhiteTeam "USG Chemnitz"]
[BlackTeam "SF Neukoelln 03 e.V."]
[WhiteTeamCountry "GER"]
[BlackTeamCountry "GER"]

1. d4 Nf6 2. Nf3 e6 3. g3 d5 4. Bg2 b5 5. a4 b4 6. Nbd2 c5 7. c3 Nc6 8. O-O Ba6
9. Re1 Rc8 10. Nb3 bxc3 11. bxc3 Ne4 12. Bb2 Rb8 13. Rb1 cxd4 14. Nbxd4 Na5 15.
Ba1 Bc5 16. Ne5 Rc8 17. Bxe4 dxe4 18. Nb5 Qe7 19. c4 f6 20. Qd2 e3 21. Qxa5
exf2+ 22. Kf1 fxe1=Q+ 23. Kxe1 fxe5 24. Qxa6 O-O 25. Bxe5 Bb4+ 26. Nc3 Rcd8 27.
Rd1 Rxd1+ 28. Kxd1 Qf7 29. Qb5 Bxc3 30. Bxc3 Qf1+ 31. Kc2 Qxe2+ 32. Kb3 Qd1+
33. Ka3 Qd3 34. Kb3 Rc8 35. a5 a6 36. Qb4 e5 37. Kb2 Qxc4 38. Qxc4+ Rxc4 39.
Bxe5 Rc5 40. Bc3 Kf7 0-1

[Event "Bundesliga 9798"]
[Site "Deutschland"]
[Date "1998.??.??"]
[Round "?.3"]
[White "Hellsten, Johan"]
[Black "Kunze, Carlo"]
[Result "1/2-1/2"]
[WhiteElo "2495"]
[BlackElo "2340"]
[PlyCount "77"]
[EventDate "1997.10.??"]
[EventType "team"]
[EventRounds "15"]
[EventCountry "GER"]
[SourceTitle "Bundesliga 9798"]
[Source "DeepChess"]
[SourceDate "2005.01.01"]
[SourceVersion "1"]
[SourceVersionDate "2005.01.01"]
[SourceQuality "1"]
[WhiteTeam "SF Neukoelln 03 e.V."]
[BlackTeam "USG Chemnitz"]
[WhiteTeamCountry "GER"]
[BlackTeamCountry "GER"]

1. d4 Nf6 2. Nf3 g6 3. g3 Bg7 4. Bg2 O-O 5. O-O d5 6. c4 e6 7. Qc2 c6 8. Nbd2
Nbd7 9. b3 Re8 10. Bb2 b6 11. Rac1 Bb7 12. Rfd1 Qe7 13. Qb1 Rac8 14. Qa1 Bf8
15. Re1 Ne4 16. Rcd1 f5 17. Nxe4 dxe4 18. Nd2 e5 19. f3 exd4 20. Bxd4 c5 21.
Bc3 Bh6 22. Nf1 Rcd8 23. a4 Bg7 24. Bxg7 Qxg7 25. Qxg7+ Kxg7 26. fxe4 fxe4 27.
a5 Nf6 28. axb6 axb6 29. h3 Kf7 30. Kf2 Ke6 31. Rxd8 Rxd8 32. Ra1 Ra8 33. Rxa8
Bxa8 34. Ke3 Ke5 35. g4 h6 36. Ng3 Bc6 37. Bh1 Bb7 38. Bg2 Bc6 39. Bh1 1/2-1/2

[Event "Bundesliga 9798"]
[Site "Deutschland"]
[Date "1998.??.??"]
[Round "?.5"]
[White "Bunzmann, Dimitrij"]
[Black "Kyas, Juergen"]
[Result "1-0"]
[WhiteElo "2370"]
[BlackElo "2265"]
[PlyCount "109"]
[EventDate "1997.10.??"]
[EventType "team"]
[EventRounds "15"]
[EventCountry "GER"]
[SourceTitle "Bundesliga 9798"]
[Source "DeepChess"]
[SourceDate "2005.01.01"]
[SourceVersion "1"]
[SourceVersionDate "2005.01.01"]
[SourceQuality "1"]
[WhiteTeam "SF Neukoelln 03 e.V."]
[BlackTeam "USG Chemnitz"]
[WhiteTeamCountry "GER"]
[BlackTeamCountry "GER"]

1. d4 Nf6 2. Nf3 g6 3. g3 Bg7 4. Bg2 d5 5. O-O O-O 6. c4 dxc4 7. Na3 c3 8. bxc3
c5 9. e3 Nc6 10. Qe2 Qa5 11. Bb2 Bg4 12. h3 Bxf3 13. Bxf3 Rfd8 14. Rfd1 Rac8
15. Nc4 Qa4 16. d5 Na5 17. Nxa5 Qxa5 18. c4 b5 19. e4 bxc4 20. Qxc4 Nd7 21.
Bxg7 Kxg7 22. Qc2 c4 23. Rac1 c3 24. Be2 Rc5 25. Rd4 Nb6 26. h4 Rdc8 27. a4 a6
28. h5 Nd7 29. Kg2 Qb6 30. Rb1 Qf6 31. Rd3 Ne5 32. Re3 gxh5 33. Bxh5 Ng6 34.
Rb3 Qd4 35. Rb1 Ne5 36. Rd1 Qb4 37. Be2 a5 38. f4 Ng6 39. Bb5 Qb2 40. Rc1 e6
41. d6 Rd8 42. d7 Nf8 43. Rxc3 Rxb5 44. axb5 Qxb5 45. Rc5 Qxd7 46. Qc3+ Qd4 47.
Rxa5 Qxc3 48. Rxc3 Rd7 49. Kf3 Rb7 50. Rac5 Nd7 51. Rc7 Rxc7 52. Rxc7 Nf6 53.
g4 h6 54. f5 exf5 55. gxf5 1-0

[Event "Bundesliga 9798"]
[Site "Deutschland"]
[Date "1998.??.??"]
[Round "?.7"]
[White "Thiede, Lars"]
[Black "Helbig, Uwe"]
[Result "1-0"]
[WhiteElo "2335"]
[BlackElo "2240"]
[PlyCount "69"]
[EventDate "1997.10.??"]
[EventType "team"]
[EventRounds "15"]
[EventCountry "GER"]
[SourceTitle "Bundesliga 9798"]
[Source "DeepChess"]
[SourceDate "2005.01.01"]
[SourceVersion "1"]
[SourceVersionDate "2005.01.01"]
[SourceQuality "1"]
[WhiteTeam "SF Neukoelln 03 e.V."]
[BlackTeam "USG Chemnitz"]
[WhiteTeamCountry "GER"]
[BlackTeamCountry "GER"]

1. g3 d6 2. Bg2 e5 3. c4 Nc6 4. Nc3 g6 5. Nf3 Bg7 6. O-O f5 7. d3 Nf6 8. Rb1
O-O 9. b4 h6 10. b5 Nd4 11. a4 Nxf3+ 12. Bxf3 g5 13. Qb3 Kh8 14. Ba3 f4 15. c5
Bh3 16. Rfd1 Rb8 17. cxd6 cxd6 18. d4 g4 19. Bh1 fxg3 20. hxg3 Nh5 21. Ne4 exd4
22. Bxd6 Re8 23. Bxb8 Qxb8 24. Rbc1 Be5 25. Rd3 Nf4 26. Rd2 Kg7 27. e3 Ne6 28.
Rcd1 Nc5 29. Nxc5 Bxg3 30. fxg3 Qxg3+ 31. Bg2 Rxe3 32. Nd3 Re7 33. Qd5 Qe3+ 34.
Nf2 g3 35. Qxd4+ 1-0

[Event "Bundesliga 9798"]
[Site "Deutschland"]
[Date "1998.??.??"]
[Round "?.8"]
[White "Ahner, Andreas"]
[Black "Rudolf, Henrik"]
[Result "1/2-1/2"]
[WhiteElo "2250"]
[BlackElo "2280"]
[PlyCount "40"]
[EventDate "1997.10.??"]
[EventType "team"]
[EventRounds "15"]
[EventCountry "GER"]
[SourceTitle "Bundesliga 9798"]
[Source "DeepChess"]
[SourceDate "2005.01.01"]
[SourceVersion "1"]
[SourceVersionDate "2005.01.01"]
[SourceQuality "1"]
[WhiteTeam "USG Chemnitz"]
[BlackTeam "SF Neukoelln 03 e.V."]
[WhiteTeamCountry "GER"]
[BlackTeamCountry "GER"]

1. d4 g6 2. c4 Bg7 3. Nc3 d6 4. e4 Nf6 5. f3 O-O 6. Bg5 a6 7. Qd2 Nbd7 8. Nh3
c5 9. d5 b5 10. cxb5 axb5 11. Bxb5 Qa5 12. O-O Nb6 13. Nf2 Ba6 14. Bxa6 Rxa6
15. Qd3 Rb8 16. Bd2 c4 17. Qe2 Qc5 18. Rab1 Raa8 19. Be3 Qb4 20. Rfc1 Nfd7
1/2-1/2

[Event "Bundesliga 9798"]
[Site "Deutschland"]
[Date "1998.??.??"]
[Round "?.1"]
[White "Adams, Michael"]
[Black "Keitlinghaus, Ludger"]
[Result "1/2-1/2"]
[WhiteElo "2680"]
[BlackElo "2525"]
[PlyCount "99"]
[EventDate "1997.10.??"]
[EventType "team"]
[EventRounds "15"]
[EventCountry "GER"]
[SourceTitle "Bundesliga 9798"]
[Source "DeepChess"]
[SourceDate "2005.01.01"]
[SourceVersion "1"]
[SourceVersionDate "2005.01.01"]
[SourceQuality "1"]
[WhiteTeam "SG 1868 Aljech. Solingen"]
[BlackTeam "SG Bochum 31"]
[WhiteTeamCountry "GER"]
[BlackTeamCountry "GER"]

1. e4 e5 2. Nf3 Nc6 3. Bb5 Nf6 4. O-O Nxe4 5. d4 Nd6 6. Bxc6 dxc6 7. dxe5 Nf5
8. Qxd8+ Kxd8 9. Rd1+ Ke8 10. Nc3 h6 11. Ne2 Be6 12. Nf4 Rd8 13. Rxd8+ Kxd8 14.
Nxe6+ fxe6 15. g4 Ne7 16. Kg2 Ng6 17. Be3 Kc8 18. h3 c5 19. Re1 Be7 20. Bc1 Bd8
21. Re4 Be7 22. Kg3 Bd8 23. Bd2 b6 24. Kg2 Kd7 25. Ne1 Ke8 26. Nd3 h5 27. b3 a5
28. Re1 Nh4+ 29. Kg3 Ng6 30. Rd1 Bh4+ 31. Kg2 Bd8 32. Be3 Nh4+ 33. Kg3 Ng6 34.
c4 Bh4+ 35. Kg2 Be7 36. f4 Bf8 37. Nf2 Be7 38. Nd3 Bf8 39. Bf2 Ne7 40. Nc1 Nc6
41. Ne2 Be7 42. Nc3 hxg4 43. hxg4 g5 44. Bg3 gxf4 45. Bxf4 Rg8 46. Kg3 Nd4 47.
Nb5 Nf5+ 48. Kh3 Rh8+ 49. Kg2 Rg8 50. Kh3 1/2-1/2

[Event "Bundesliga 9798"]
[Site "Deutschland"]
[Date "1998.??.??"]
[Round "?.2"]
[White "Reschke, Stefan"]
[Black "Jussupow, Artur"]
[Result "0-1"]
[WhiteElo "2415"]
[BlackElo "2640"]
[PlyCount "62"]
[EventDate "1997.10.??"]
[EventType "team"]
[EventRounds "15"]
[EventCountry "GER"]
[SourceTitle "Bundesliga 9798"]
[Source "DeepChess"]
[SourceDate "2005.01.01"]
[SourceVersion "1"]
[SourceVersionDate "2005.01.01"]
[SourceQuality "1"]
[WhiteTeam "SG Bochum 31"]
[BlackTeam "SG 1868 Aljech. Solingen"]
[WhiteTeamCountry "GER"]
[BlackTeamCountry "GER"]

1. d4 Nf6 2. c4 e6 3. g3 Bb4+ 4. Bd2 Be7 5. Bg2 d5 6. Qc2 O-O 7. Nf3 c6 8. O-O
Nbd7 9. cxd5 exd5 10. Nc3 Re8 11. Bf4 Nf8 12. Be5 Ng4 13. Rad1 Ng6 14. h3 N4xe5
15. dxe5 Qa5 16. a3 Bf8 17. Nd4 Nxe5 18. e4 dxe4 19. Nxe4 Ng6 20. f4 Bd7 21.
Ng5 Be7 22. Nxh7 Kxh7 23. f5 Qc5 24. fxg6+ fxg6 25. Qa4 Rad8 26. Kh2 Bc8 27.
Ne2 Rxd1 28. Rxd1 Bxh3 29. Rh1 Bg5 30. Nd4 Bxg2 31. Kxg2+ Bh6 0-1

[Event "Bundesliga 9798"]
[Site "Deutschland"]
[Date "1998.??.??"]
[Round "?.3"]
[White "Sadler, Matthew"]
[Black "Schmittdiel, Eckhard"]
[Result "1-0"]
[WhiteElo "2665"]
[BlackElo "2450"]
[PlyCount "87"]
[EventDate "1997.10.??"]
[EventType "team"]
[EventRounds "15"]
[EventCountry "GER"]
[SourceTitle "Bundesliga 9798"]
[Source "DeepChess"]
[SourceDate "2005.01.01"]
[SourceVersion "1"]
[SourceVersionDate "2005.01.01"]
[SourceQuality "1"]
[WhiteTeam "SG 1868 Aljech. Solingen"]
[BlackTeam "SG Bochum 31"]
[WhiteTeamCountry "GER"]
[BlackTeamCountry "GER"]

1. d4 f5 2. g3 Nf6 3. Bg2 e6 4. Nf3 d5 5. O-O Bd6 6. c4 c6 7. b3 Qe7 8. a4 a5
9. Ba3 Bxa3 10. Nxa3 O-O 11. Ne5 Nbd7 12. Nd3 Ne4 13. Qc2 Ndf6 14. Rfb1 Nd6 15.
b4 axb4 16. Rxb4 Nf7 17. Qb2 g5 18. Nb1 Nh8 19. Nd2 Ng6 20. Nf3 Ng4 21. a5 f4
22. h3 Nf6 23. g4 Nd7 24. Qc2 Nb8 25. Rbb1 h6 26. Nde5 Nxe5 27. Nxe5 Rd8 28.
Rb6 Nd7 29. Nxd7 Qxd7 30. cxd5 exd5 31. a6 Qc7 32. Qc5 Rd6 33. Rc1 Rxa6 34.
Rxa6 bxa6 35. Bxd5+ Be6 36. Bxe6+ Rxe6 37. d5 Rxe2 38. d6 Qd7 39. Rb1 Re8 40.
Rb6 f3 41. Rxc6 Qf7 42. Qd4 a5 43. Rc7 Qg6 44. d7 1-0

[Event "Bundesliga 9798"]
[Site "Deutschland"]
[Date "1998.??.??"]
[Round "?.4"]
[White "Ellers, Holger"]
[Black "Gabriel, Christian"]
[Result "1/2-1/2"]
[WhiteElo "2405"]
[BlackElo "2575"]
[PlyCount "68"]
[EventDate "1997.10.??"]
[EventType "team"]
[EventRounds "15"]
[EventCountry "GER"]
[SourceTitle "Bundesliga 9798"]
[Source "DeepChess"]
[SourceDate "2005.01.01"]
[SourceVersion "1"]
[SourceVersionDate "2005.01.01"]
[SourceQuality "1"]
[WhiteTeam "SG Bochum 31"]
[BlackTeam "SG 1868 Aljech. Solingen"]
[WhiteTeamCountry "GER"]
[BlackTeamCountry "GER"]

1. Nf3 Nf6 2. g3 d5 3. Bg2 c6 4. c4 Bf5 5. cxd5 cxd5 6. Qb3 Qb6 7. Qxb6 axb6 8.
Nc3 Nc6 9. Nb5 Ra5 10. Nbd4 Nxd4 11. Nxd4 Be4 12. Nf3 e5 13. O-O Bxf3 14. Bxf3
e4 15. Bg2 Bd6 16. d4 Ke7 17. Bg5 h6 18. Bxf6+ Kxf6 19. e3 Ke6 20. f3 f5 21. g4
g6 22. Rf2 Rg8 23. Kh1 fxg4 24. fxe4 dxe4 25. Bxe4 Rh5 26. Kg1 Rh3 27. Bc2 Rf8
28. Rxf8 Bxf8 29. e4 Bb4 30. Rd1 Re3 31. Kf2 Rf3+ 32. Kg2 Re3 33. Kf2 Rf3+ 34.
Kg2 Re3 1/2-1/2

[Event "Bundesliga 9798"]
[Site "Deutschland"]
[Date "1998.??.??"]
[Round "?.6"]
[White "Buenermann, Volker"]
[Black "Chandler, Murray G"]
[Result "1/2-1/2"]
[WhiteElo "2320"]
[BlackElo "2555"]
[PlyCount "49"]
[EventDate "1997.10.??"]
[EventType "team"]
[EventRounds "15"]
[EventCountry "GER"]
[SourceTitle "Bundesliga 9798"]
[Source "DeepChess"]
[SourceDate "2005.01.01"]
[SourceVersion "1"]
[SourceVersionDate "2005.01.01"]
[SourceQuality "1"]
[WhiteTeam "SG Bochum 31"]
[BlackTeam "SG 1868 Aljech. Solingen"]
[WhiteTeamCountry "GER"]
[BlackTeamCountry "GER"]

1. e4 c5 2. Nf3 Nc6 3. d4 cxd4 4. Nxd4 e5 5. Nb5 d6 6. c4 Be7 7. Bd3 a6 8. N5a3
Bg5 9. Nc3 Bxc1 10. Rxc1 Nge7 11. O-O O-O 12. Nc2 Ng6 13. Nd5 Qg5 14. Kh1 Be6
15. g3 Bh3 16. Rg1 f5 17. f4 exf4 18. gxf4 Qh4 19. exf5 Bxf5 20. Bxf5 Rxf5 21.
Rg4 Qd8 22. Nd4 Nxd4 23. Qxd4 Qe8 24. Rcg1 Qf7 25. Qb6 1/2-1/2

[Event "Bundesliga 9798"]
[Site "Deutschland"]
[Date "1998.??.??"]
[Round "?.7"]
[White "Bischoff, Klaus"]
[Black "Kitte, Sebastian"]
[Result "1-0"]
[WhiteElo "2535"]
[BlackElo "2305"]
[PlyCount "75"]
[EventDate "1997.10.??"]
[EventType "team"]
[EventRounds "15"]
[EventCountry "GER"]
[SourceTitle "Bundesliga 9798"]
[Source "DeepChess"]
[SourceDate "2005.01.01"]
[SourceVersion "1"]
[SourceVersionDate "2005.01.01"]
[SourceQuality "1"]
[WhiteTeam "SG 1868 Aljech. Solingen"]
[BlackTeam "SG Bochum 31"]
[WhiteTeamCountry "GER"]
[BlackTeamCountry "GER"]

1. c4 e6 2. Nf3 Nf6 3. g3 d5 4. Bg2 Nc6 5. O-O d4 6. d3 e5 7. b4 Bxb4 8. Nxe5
Nxe5 9. Qa4+ Nfd7 10. Qxb4 c5 11. Qa3 O-O 12. Nd2 Qc7 13. Ne4 a6 14. e3 dxe3
15. Bxe3 Rd8 16. Bxc5 Nxc5 17. Qxc5 Qxc5 18. Nxc5 Rb8 19. Rfe1 b6 20. Rxe5 bxc5
21. Bf1 g6 22. Rxc5 Bf5 23. Rd1 Rb2 24. Ra5 Bg4 25. Re1 Rdb8 26. h3 Bf3 27. Re3
Bd1 28. d4 Rc2 29. Re1 Rd2 30. d5 Rbb2 31. Ra3 Bc2 32. g4 g5 33. Re2 Rd1 34.
Rc3 Rbb1 35. Rexc2 Rxf1+ 36. Kg2 Rfd1 37. Rb3 Ra1 38. c5 1-0

[Event "Bundesliga 9798"]
[Site "Deutschland"]
[Date "1998.??.??"]
[Round "?.8"]
[White "De Gleria, Francesco"]
[Black "Lau, Ralf"]
[Result "0-1"]
[WhiteElo "2235"]
[BlackElo "2495"]
[PlyCount "162"]
[EventDate "1997.10.??"]
[EventType "team"]
[EventRounds "15"]
[EventCountry "GER"]
[SourceTitle "Bundesliga 9798"]
[Source "DeepChess"]
[SourceDate "2005.01.01"]
[SourceVersion "1"]
[SourceVersionDate "2005.01.01"]
[SourceQuality "1"]
[WhiteTeam "SG Bochum 31"]
[BlackTeam "SG 1868 Aljech. Solingen"]
[WhiteTeamCountry "GER"]
[BlackTeamCountry "GER"]

1. e4 d5 2. exd5 Qxd5 3. Nc3 Qa5 4. Bc4 Nf6 5. d4 c6 6. Nge2 g6 7. O-O Bg7 8.
Bf4 O-O 9. Qd2 Re8 10. Ng3 Nbd7 11. Rfe1 Nf8 12. Rad1 Be6 13. Bf1 Rad8 14. Qc1
Nd5 15. Nxd5 Rxd5 16. Be3 Qxa2 17. c4 Ra5 18. Qc3 b6 19. Ra1 Qxa1 20. Rxa1 Rxa1
21. b4 Rb1 22. Qc2 Ra1 23. Qb2 Ra4 24. Qb3 b5 25. Ne4 a5 26. Qc2 axb4 27. Nc5
Bf5 28. Qb2 Raa8 29. cxb5 cxb5 30. Bxb5 Rec8 31. Qxb4 Ra1+ 32. Bf1 Rxc5 33.
dxc5 Bd3 34. h4 Rxf1+ 35. Kh2 Rb1 36. Qa4 Rb8 37. Qa7 Rc8 38. Qxe7 h5 39. Qb7
Bf5 40. f3 Be5+ 41. f4 Bb8 42. Qe7 Ne6 43. g3 Bc7 44. Bd2 Bd8 45. Qe8+ Nf8 46.
Qe5 Be6 47. Bc3 f6 48. Qd6 Kf7 49. f5 Bxf5 50. c6 Be7 51. Qd5+ Be6 52. Qb5 Nd7
53. Ba5 Ne5 54. c7 Nc4 55. Bb6 Bd6 56. Qc6 Be5 57. Bf2 Rxc7 58. Qa8 Kg7 59. Qe8
Bf7 60. Qd8 Rc6 61. Qa8 Re6 62. Qc8 Nd6 63. Qa8 Nf5 64. Kh3 Bxg3 65. Bc5 Bd6
66. Bf2 Re2 67. Qa7 Ra2 68. Qb7 Be5 69. Qc8 Nh6 70. Bg1 Ng4 71. Qc5 Rb2 72. Qe7
f5 73. Qd7 f4 74. Qc6 f3 75. Qxf3 Rb3 76. Be3 Be6 77. Qc6 Rxe3+ 78. Kg2 Rg3+
79. Kf1 Bc4+ 80. Ke1 Bc3+ 81. Kd1 Ne3+ 0-1

[Event "Bundesliga 9798"]
[Site "Deutschland"]
[Date "1998.??.??"]
[Round "?.3"]
[White "Khalifman, Alexander"]
[Black "Sadler, Matthew"]
[Result "1/2-1/2"]
[WhiteElo "2655"]
[BlackElo "2665"]
[PlyCount "36"]
[EventDate "1997.10.??"]
[EventType "team"]
[EventRounds "15"]
[EventCountry "GER"]
[SourceTitle "Bundesliga 9798"]
[Source "DeepChess"]
[SourceDate "2005.01.01"]
[SourceVersion "1"]
[SourceVersionDate "2005.01.01"]
[SourceQuality "1"]
[WhiteTeam "SG Porz e.V."]
[BlackTeam "SG 1868 Aljech. Solingen"]
[WhiteTeamCountry "GER"]
[BlackTeamCountry "GER"]

1. d4 d5 2. c4 dxc4 3. e4 Nf6 4. e5 Nd5 5. Bxc4 Nc6 6. Nc3 Nb6 7. Bb5 Bd7 8.
Nf3 e6 9. O-O Nb4 10. Be2 Bc6 11. a3 N4d5 12. Bd3 Qd7 13. Ne4 Bb5 14. Re1 Bxd3
15. Qxd3 a6 16. Bd2 Qb5 17. Qc2 Qc4 18. Rac1 Qxc2 1/2-1/2

[Event "Bundesliga 9798"]
[Site "Deutschland"]
[Date "1998.??.??"]
[Round "?.7"]
[White "Stangl, Markus"]
[Black "Huebner, Robert"]
[Result "1/2-1/2"]
[WhiteElo "2530"]
[BlackElo "2580"]
[PlyCount "126"]
[EventDate "1997.10.??"]
[EventType "team"]
[EventRounds "15"]
[EventCountry "GER"]
[SourceTitle "Bundesliga 9798"]
[Source "DeepChess"]
[SourceDate "2005.01.01"]
[SourceVersion "1"]
[SourceVersionDate "2005.01.01"]
[SourceQuality "1"]
[WhiteTeam "SG Porz e.V."]
[BlackTeam "SG 1868 Aljech. Solingen"]
[WhiteTeamCountry "GER"]
[BlackTeamCountry "GER"]

1. Nf3 d5 2. d4 Nf6 3. c4 c6 4. Nc3 dxc4 5. a4 Bf5 6. e3 e6 7. Bxc4 Bb4 8. O-O
Nbd7 9. Qe2 Bg6 10. Bd2 O-O 11. Ne4 Qa5 12. Bxb4 Qxb4 13. Nxf6+ Nxf6 14. Rfc1
c5 15. Bd3 cxd4 16. Nxd4 Rac8 17. Bxg6 hxg6 18. Rc2 Nd5 19. h3 a6 20. Qd2 Qxd2
21. Rxd2 Rc4 22. Kf1 Rfc8 23. Ke2 Kf8 24. Kd1 Ke7 25. Rc2 e5 26. Rac1 Rxc2 27.
Nxc2 Kd6 28. Kd2 f5 29. Ra1 Rc4 30. Kd3 Rc6 31. Na3 Nb4+ 32. Kd2 e4 33. f3 Nd3
34. fxe4 fxe4 35. Rf1 Nxb2 36. Rb1 Nxa4 37. Rxb7 Rc7 38. Rb4 Nc5 39. Rb6+ Rc6
40. Nc4+ Kd5 41. Rxc6 Kxc6 42. Ne5+ Kb5 43. Nxg6 Kb4 44. Ne5 a5 45. Nc6+ Kb5
46. Nd4+ Kc4 47. Kc2 Nd3 48. Ne6 g6 49. g3 a4 50. h4 a3 51. Kb1 Ne5 52. Ka2 Kd3
53. g4 Kxe3 54. h5 Kd2 55. hxg6 Nxg6 56. Kxa3 e3 57. Kb2 Ne5 58. Nd4 Kd3 59.
Nc2 e2 60. g5 Kd2 61. g6 Nd3+ 62. Kb3 Nc5+ 63. Kb2 Nd3+ 1/2-1/2

[Event "Bundesliga 9798"]
[Site "Deutschland"]
[Date "1997.??.??"]
[Round "?.4"]
[White "Wells, Peter K"]
[Black "Huebner, Robert"]
[Result "1-0"]
[WhiteElo "2530"]
[BlackElo "2580"]
[PlyCount "73"]
[EventDate "1997.10.??"]
[EventType "team"]
[EventRounds "15"]
[EventCountry "GER"]
[SourceTitle "Bundesliga 9798"]
[Source "DeepChess"]
[SourceDate "2005.01.01"]
[SourceVersion "1"]
[SourceVersionDate "2005.01.01"]
[SourceQuality "1"]
[WhiteTeam "SK Passau 1869"]
[BlackTeam "SG 1868 Aljech. Solingen"]
[WhiteTeamCountry "GER"]
[BlackTeamCountry "GER"]

1. d4 Nf6 2. c4 e6 3. Nf3 b6 4. a3 Bb7 5. Nc3 d5 6. Bg5 Be7 7. Qa4+ c6 8. Bxf6
Bxf6 9. cxd5 exd5 10. g3 O-O 11. Bg2 Re8 12. O-O Na6 13. Rfd1 Nc7 14. Rac1 g6
15. e3 Bg7 16. b4 Qd6 17. Qb3 Rad8 18. a4 Ne6 19. Ne1 h5 20. h4 Re7 21. Nd3 Rc7
22. Ne2 Rdc8 23. Rd2 Bf8 24. Bh3 Ba6 25. Rdc2 Bc4 26. Rxc4 dxc4 27. Qxc4 b5 28.
Qc2 Rb8 29. Nc3 bxa4 30. Nxa4 Qd5 31. Nc3 Qd6 32. Ne4 Qe7 33. Qc4 Nd8 34. Nec5
Rb5 35. Ne5 Qd6 36. Ne4 Qd5 37. Nf6+ 1-0